Countries that have letter "W" in them - Statistics

General Stats
  • This quiz has been taken 574 times
    561 since last reset
  • The average score is 7 of 12
Answer Stats
Hint Answer % Correct
Switzerland
82%
Sweden
79%
Swaziland
74%
New Zealand
69%
Rwanda
59%
Norway
56%
Malawi
54%
Zimbabwe
54%
Botswana
50%
Taiwan
46%
Papua New Guinea
39%
Kuwait
37%
No matching quizzes found
Score Distribution
Percent of People with Each Score
Percentile by Number Answered
Your Score History
You have not taken this quiz since the last reset